000 00732nam a22001817a 4500
999 _c371678
_d371678
008 201127b ||||| |||| 00| 0 eng d
040 _aDE-2950
_bger
_cDE-2950
_erda
041 _ager
245 _aIntegration mit Hürden..
_bKrieg: Rund 250 Kinder und Jugendliche aus der Ukraine wohnen zur Zeit in Frankfurt. Ihr Schulalltag bewegt sich zwischen Förderung und Regelunterricht/
_cLisa Mahlke
264 _c2022
653 _aFrankfurt (Oder)
653 _aUkrainische Flüchtlinge
773 _dFrankfurt (Oder) Märkisches Verlags- und Druckhaus GmbH & Co KG
_tMärkische Oderzeitung
_g33. Jahrgang (2022) Nr. 132 vom 09.06.2022, S. 13
942 _cA